00788nam a2200217 a 4500999001500000001000600015003000900021005001700030008004100047040003800088082002400126245007500150260007200225300002200297505001200319546002500331650002100356710005400377942001200431952012700443 c1385d138510996BD-DhUAP20210120151825.0200206s2007 bg l f001 0 eng d aBD-DhUAPcBD-DhUAPdBD-DhUAPbEng00a348.5492022 BAN22314aThe Bangladesh code :bE. P. No. IX of 1964 to A. P. O. No. 3 of 1971. aDhaka :bMinistry of Law, Justice and Parliamentary Affairs,c2007. avolumes ;c24 cm. aV. 14-- aEnglish and Bengali. 0aLawzBangladesh. aGovernment of the peoples republic of Bangladesh. 2ddccBK 00102ddc4070aUAPCLbUAPCLcGeneral Stacksd2020-02-06o348.5492022 BAN V-14p3010010996r2020-02-06t1w2020-02-06yBK